La injusticia extrema no es derecho (Registro nro. 6796)

Detalles MARC
000 -LEADER
fixed length control field 01433 a2200205 4500
001 - CONTROL NUMBER
control field 59713
005 - DATE AND TIME OF LATEST TRANSACTION
control field 20260407155851.0
008 - FIXED-LENGTH DATA ELEMENTS--GENERAL INFORMATION
fixed length control field 260407a2004 arg spa d
003 - CONTROL NUMBER IDENTIFIER
control field AR-UNSa-BCEJYS
040 ## - CATALOGING SOURCE
Original cataloging agency AR-UNSa-BCEJYS
Language of cataloging spa
Transcribing agency AR-UNSa-BCEJYS
080 ## - UNIVERSAL DECIMAL CLASSIFICATION NUMBER
Universal Decimal Classification number 34
Common auxiliary subdivision Derecho
020 ## - INTERNATIONAL STANDARD BOOK NUMBER
International Standard Book Number 987-03-0361-7
100 1# - MAIN ENTRY--PERSONAL NAME
Personal name Vigo, Rodolfo Luis
245 10 - TITLE STATEMENT
Title La injusticia extrema no es derecho
264 #1 - PRODUCTION, PUBLICATION, DISTRIBUTION, MANUFACTURE, AND COPYRIGHT NOTICE
Place of production, publication, distribution, manufacture Buenos Aires :
Name of producer, publisher, distributor, manufacturer Universidad de Buenos Aires. Facultad de Derecho. Departamento de Publicaciones
Date of production, publication, distribution, manufacture, or copyright notice 2004
300 ## - PHYSICAL DESCRIPTION
Extent 326 p.
Dimensions 24 cm.
505 ## - FORMATTED CONTENTS NOTE
Formatted contents note 1. La axiología jurídica de Gustav Radbruch / Rodolfo Luis Vigo – 2. La teoría jurídica discursiva no positivista de Robert Alexy / Rodolfo Luis Vigo – 3. Tribunal constitucional de Alemania “Mauerschutzen” – 4. Tribunal Europeo de Derechos Humanos: “K. – H.W.v. Alemania” – 5. Mauerschutzen. Acerca de la relación entre derecho, Moral y Punibilidad / Robert Alexy – 6. LA decisión del Tribunal Constitucional Federal alemán sobre los homicidios cometidos por los centinelas del Muro de Berlín / Roberto Alexy – 7. Una defensa de la fórmula de Radbruch / Robert Alexy – 8. La doctrina clásica de lex iniusta y la fórmula de Radbruch. Un ensayo de comparación / José Antonio Seoane – 9. Reflexiones iusfisolosóficas sobre el caso de los Guardianes del Muro / Eduardo Roberto Sodero -
590 ## - LOCAL NOTE (RLIN)
Local note niveau_biblio:m niveau_hierar:0
942 ## - ADDED ENTRY ELEMENTS (KOHA)
Koha item type
Existencias
Withdrawn status Lost status Damaged status Not for loan Home library Current library Shelving location Date acquired Total checkouts Full call number Barcode Date last seen Price effective from Koha item type
        Biblioteca Prof. Eusebio Cleto del Rey Biblioteca Prof. Eusebio Cleto del Rey   07/04/2026   34 V689 L87156 07/04/2026 07/04/2026 Libro